[Event "Deutscher Mix-Teampokal U12 2025"]
[Site "Bad Homburg GER"]
[Date "2025.07.20"]
[Round "4"]
[White "Liu, Jonas"]
[Black "Bayer, Klara"]
[Result "1/2-1/2"]
[Termination "normal"]
[Board "1.1"]
[WhiteElo "1723"]
[BlackElo "1741"]
[WhiteClock "00:02:53"]
[BlackClock "00:01:46"]
[WhiteTeam "SV Oberursel"]
[BlackTeam "SC Zitadelle Spandau 1977"]
[PlyCount "107"]
[WhiteFideId "34660941"]
[BlackFideId "34658955"]
[EventCountry "GER"]
[EventRounds "5"]
[EventType "team-swiss"]
[EventDate "2025.07.18"]

1. e4 {[%clk 00:55:02]} {[%emt 00:00:02]} c6 {[%clk 00:55:02]} 2. d4 {[%clk
00:54:57]} d5 {[%clk 00:54:59]} 3. exd5 {[%clk 00:54:52]} cxd5 {[%clk
00:54:56]} 4. Bd3 {[%clk 00:54:34]} Nc6 {[%clk 00:54:54]} 5. c3 {[%clk
00:54:03]} Qc7 {[%clk 00:54:42]} 6. Nf3 {[%clk 00:53:22]} Bg4 {[%clk 00:54:35]}
7. h3 {[%clk 00:52:22]} Bh5 {[%clk 00:54:30]} 8. O-O {[%clk 00:51:49]} Nf6
{[%clk 00:53:14]} {[%emt 00:00:43]} 9. Re1 {[%clk 00:50:23]} {[%emt 00:01:31]}
e6 {[%clk 00:53:00]} {[%emt 00:00:19]} 10. Nbd2 {[%clk 00:50:12]} {[%emt
00:00:16]} Be7 {[%clk 00:52:06]} {[%emt 00:00:59]} 11. Nf1 {[%clk 00:48:35]}
{[%emt 00:01:43]} O-O {[%clk 00:51:22]} {[%emt 00:00:49]} 12. Ng3 {[%clk
00:47:49]} {[%emt 00:00:52]} Bg6 {[%clk 00:49:49]} {[%emt 00:01:38]} 13. Bxg6
{[%clk 00:46:11]} {[%emt 00:01:43]} hxg6 {[%clk 00:49:51]} {[%emt 00:00:02]}
14. a4 {[%clk 00:42:45]} {[%emt 00:03:31]} Rac8 {[%clk 00:47:04]} {[%emt
00:02:51]} 15. Qe2 {[%clk 00:39:46]} {[%emt 00:03:05]} Na5 {[%clk 00:44:04]}
{[%emt 00:03:03]} 16. Ne5 {[%clk 00:32:45]} {[%emt 00:07:08]} Nb3 {[%clk
00:42:24]} {[%emt 00:01:45]} 17. Rb1 {[%clk 00:29:45]} {[%emt 00:03:04]} Nxc1
{[%clk 00:28:53]} {[%emt 00:13:37]} 18. Rbxc1 {[%clk 00:29:44]} {[%emt
00:00:06]} Bd6 {[%clk 00:28:47]} {[%emt 00:00:10]} 19. Nf1 {[%clk 00:25:13]}
{[%emt 00:04:37]} Ne4 {[%clk 00:24:35]} {[%emt 00:04:17]} 20. Nd2 {[%clk
00:24:03]} {[%emt 00:01:16]} Bxe5 {[%clk 00:23:08]} {[%emt 00:01:32]} 21. dxe5
{[%clk 00:23:59]} {[%emt 00:00:08]} Nxd2 {[%clk 00:21:04]} {[%emt 00:02:09]}
22. Qxd2 {[%clk 00:23:57]} {[%emt 00:00:07]} Qa5 {[%clk 00:20:45]} {[%emt
00:00:23]} 23. b3 {[%clk 00:22:17]} {[%emt 00:01:46]} Rc6 {[%clk 00:18:31]}
{[%emt 00:02:18]} 24. Rc2 {[%clk 00:16:07]} {[%emt 00:06:16]} Rfc8 {[%clk
00:17:22]} {[%emt 00:01:14]} 25. Rec1 {[%clk 00:15:30]} {[%emt 00:00:42]} Qc7
{[%clk 00:16:04]} {[%emt 00:01:23]} 26. Qg5 {[%clk 00:14:34]} {[%emt 00:01:01]}
a6 {[%clk 00:14:23]} {[%emt 00:01:45]} 27. c4 {[%clk 00:14:08]} {[%emt
00:00:32]} Qb6 {[%clk 00:12:31]} {[%emt 00:01:57]} 28. Qg3 {[%clk 00:10:31]}
{[%emt 00:03:43]} Qb4 {[%clk 00:09:51]} {[%emt 00:02:43]} 29. Qc3 {[%clk
00:09:17]} {[%emt 00:01:21]} Qxc3 {[%clk 00:09:42]} {[%emt 00:00:14]} 30. Rxc3
{[%clk 00:09:17]} {[%emt 00:00:04]} dxc4 {[%clk 00:09:40]} {[%emt 00:00:07]}
31. Rxc4 {[%clk 00:08:58]} {[%emt 00:00:25]} Rxc4 {[%clk 00:09:39]} {[%emt
00:00:05]} 32. Rxc4 {[%clk 00:08:14]} {[%emt 00:00:50]} Rxc4 {[%clk 00:09:38]}
{[%emt 00:00:05]} 33. bxc4 {[%clk 00:08:15]} {[%emt 00:00:04]} Kf8 {[%clk
00:09:39]} {[%emt 00:00:05]} 34. a5 {[%clk 00:07:57]} {[%emt 00:00:22]} Ke7
{[%clk 00:09:39]} {[%emt 00:00:05]} 35. Kf1 {[%clk 00:07:48]} {[%emt 00:00:14]}
Kd7 {[%clk 00:09:36]} {[%emt 00:00:08]} 36. Ke2 {[%clk 00:07:48]} {[%emt
00:00:05]} Kc6 {[%clk 00:09:36]} {[%emt 00:00:04]} 37. Kd3 {[%clk 00:07:29]}
{[%emt 00:00:25]} Kc5 {[%clk 00:04:42]} {[%emt 00:04:59]} 38. Kc3 {[%clk
00:07:19]} {[%emt 00:00:15]} b6 {[%clk 00:04:21]} {[%emt 00:00:26]} 39. axb6
{[%clk 00:06:36]} {[%emt 00:00:48]} Kxb6 {[%clk 00:04:23]} {[%emt 00:00:01]}
40. f4 {[%clk 00:06:25]} {[%emt 00:00:18]} Kc5 {[%clk 00:04:13]} {[%emt
00:00:15]} 41. g3 {[%clk 00:05:38]} {[%emt 00:00:53]} a5 {[%clk 00:04:14]}
{[%emt 00:00:03]} 42. Kb3 {[%clk 00:05:14]} {[%emt 00:00:30]} a4+ {[%clk
00:04:15]} {[%emt 00:00:03]} 43. Kxa4 {[%clk 00:05:15]} {[%emt 00:00:05]} Kxc4
{[%clk 00:04:18]} {[%emt 00:00:01]} 44. Ka5 {[%clk 00:05:10]} {[%emt 00:00:10]}
Kd4 {[%clk 00:03:31]} {[%emt 00:00:52]} 45. Kb6 {[%clk 00:04:36]} {[%emt
00:00:39]} Ke3 {[%clk 00:03:33]} {[%emt 00:00:03]} 46. Kc6 {[%clk 00:04:32]}
{[%emt 00:00:09]} Kf3 {[%clk 00:03:36]} {[%emt 00:00:01]} 47. Kd6 {[%clk
00:04:36]} {[%emt 00:00:02]} Kxg3 {[%clk 00:03:37]} {[%emt 00:00:04]} 48. Ke7
{[%clk 00:04:31]} {[%emt 00:00:10]} Kxf4 {[%clk 00:03:40]} {[%emt 00:00:02]}
49. Kxf7 {[%clk 00:04:35]} {[%emt 00:00:01]} Kxe5 {[%clk 00:03:32]} {[%emt
00:00:13]} 50. Kxg6 {[%clk 00:04:38]} {[%emt 00:00:02]} Kf4 {[%clk 00:03:33]}
{[%emt 00:00:04]} 51. Kxg7 {[%clk 00:03:24]} {[%emt 00:01:19]} e5 {[%clk
00:03:36]} {[%emt 00:00:02]} 52. h4 {[%clk 00:02:48]} {[%emt 00:00:42]} Kg4
{[%clk 00:03:39]} {[%emt 00:00:01]} 53. Kg6 {[%clk 00:02:52]} Kxh4 {[%clk
00:01:46]} {[%emt 00:01:58]} 54. Kf5 {[%clk 00:02:53]} {[%emt 00:00:03]}
1/2-1/2

[Event "Deutscher Mix-Teampokal U12 2025"]
[Site "Bad Homburg GER"]
[Date "2025.07.20"]
[Round "4"]
[White "Chupikov, Mark"]
[Black "Huang, Flora Yueya"]
[Result "1/2-1/2"]
[Termination "normal"]
[Board "1.2"]
[WhiteElo "1409"]
[BlackElo "1747"]
[WhiteClock "00:21:49"]
[BlackClock "00:07:34"]
[WhiteTeam "SC Zitadelle Spandau 1977"]
[BlackTeam "SV Oberursel"]
[PlyCount "118"]
[WhiteFideId "34680721"]
[BlackFideId "533015651"]
[EventCountry "GER"]
[EventRounds "5"]
[EventType "team-swiss"]
[EventDate "2025.07.18"]

1. d4 {[%clk 00:55:07]} d5 {[%clk 00:55:06]} 2. Bf4 {[%clk 00:55:07]} Bf5
{[%clk 00:55:03]} 3. Nf3 {[%clk 00:55:07]} Nf6 {[%clk 00:54:53]} 4. e3 {[%clk
00:55:04]} e6 {[%clk 00:54:50]} 5. c4 {[%clk 00:54:58]} Bd6 {[%clk 00:52:44]}
6. Bxd6 {[%clk 00:54:50]} Qxd6 {[%clk 00:52:32]} 7. c5 {[%clk 00:54:44]} Qd8
{[%clk 00:51:36]} 8. Nc3 {[%clk 00:54:39]} Nbd7 {[%clk 00:51:21]} 9. Bd3 {[%clk
00:54:36]} Bg6 {[%clk 00:50:02]} {[%emt 00:01:18]} 10. Qc2 {[%clk 00:53:48]}
{[%emt 00:00:51]} c6 {[%clk 00:49:06]} {[%emt 00:01:03]} 11. Ne2 {[%clk
00:53:10]} {[%emt 00:00:44]} Qa5+ {[%clk 00:48:05]} {[%emt 00:01:06]} 12. Nc3
{[%clk 00:52:27]} {[%emt 00:00:51]} Bxd3 {[%clk 00:46:55]} {[%emt 00:01:22]}
13. Qxd3 {[%clk 00:52:17]} {[%emt 00:00:15]} Qc7 {[%clk 00:46:32]} {[%emt
00:00:28]} 14. Ne2 {[%clk 00:49:37]} {[%emt 00:02:45]} Ne4 {[%clk 00:41:53]}
{[%emt 00:04:43]} 15. Ng3 {[%clk 00:49:17]} {[%emt 00:00:26]} Qa5+ {[%clk
00:41:14]} {[%emt 00:00:43]} 16. Nd2 {[%clk 00:48:22]} {[%emt 00:01:00]} Nxd2
{[%clk 00:39:47]} {[%emt 00:01:32]} 17. Qxd2 {[%clk 00:48:22]} {[%emt
00:00:05]} Qxd2+ {[%clk 00:39:47]} {[%emt 00:00:06]} 18. Kxd2 {[%clk 00:48:23]}
{[%emt 00:00:04]} e5 {[%clk 00:38:44]} {[%emt 00:01:08]} 19. Rhe1 {[%clk
00:48:13]} {[%emt 00:00:14]} O-O {[%clk 00:37:26]} {[%emt 00:01:24]} 20. Nf5
{[%clk 00:47:14]} {[%emt 00:01:04]} g6 {[%clk 00:30:58]} {[%emt 00:06:33]} 21.
Nd6 {[%clk 00:47:09]} {[%emt 00:00:10]} Rab8 {[%clk 00:29:02]} {[%emt
00:02:01]} 22. b4 {[%clk 00:46:22]} {[%emt 00:00:49]} b6 {[%clk 00:26:20]}
{[%emt 00:02:50]} 23. a3 {[%clk 00:43:57]} {[%emt 00:02:30]} e4 {[%clk
00:24:45]} {[%emt 00:01:40]} 24. f3 {[%clk 00:42:56]} {[%emt 00:01:07]} f5
{[%clk 00:24:44]} {[%emt 00:00:06]} 25. f4 {[%clk 00:42:33]} {[%emt 00:00:27]}
h6 {[%clk 00:23:36]} {[%emt 00:01:12]} 26. Rg1 {[%clk 00:39:45]} {[%emt
00:02:53]} Kh7 {[%clk 00:20:58]} {[%emt 00:02:43]} 27. h3 {[%clk 00:39:23]}
{[%emt 00:00:28]} g5 {[%clk 00:19:32]} {[%emt 00:01:30]} 28. Raf1 {[%clk
00:37:53]} {[%emt 00:01:35]} Kg6 {[%clk 00:18:00]} {[%emt 00:01:37]} 29. g4
{[%clk 00:36:59]} {[%emt 00:00:59]} fxg4 {[%clk 00:17:59]} {[%emt 00:00:06]}
30. Rxg4 {[%clk 00:36:49]} {[%emt 00:00:15]} Nf6 {[%clk 00:17:13]} {[%emt
00:00:52]} 31. Rg2 {[%clk 00:35:59]} {[%emt 00:00:54]} Ne8 {[%clk 00:14:29]}
{[%emt 00:02:50]} 32. Nxe8 {[%clk 00:35:41]} {[%emt 00:00:23]} Rbxe8 {[%clk
00:14:26]} {[%emt 00:00:07]} 33. Rfg1 {[%clk 00:35:27]} {[%emt 00:00:20]} Rf5
{[%clk 00:14:03]} {[%emt 00:00:28]} 34. h4 {[%clk 00:35:22]} {[%emt 00:00:10]}
Kf6 {[%clk 00:13:38]} {[%emt 00:00:30]} 35. hxg5+ {[%clk 00:35:16]} {[%emt
00:00:11]} hxg5 {[%clk 00:13:39]} {[%emt 00:00:04]} 36. Rxg5 {[%clk 00:34:59]}
{[%emt 00:00:21]} Rxg5 {[%clk 00:13:30]} {[%emt 00:00:14]} 37. Rxg5 {[%clk
00:34:14]} {[%emt 00:00:51]} Rh8 {[%clk 00:13:09]} {[%emt 00:00:26]} 38. Rg3
{[%clk 00:33:58]} {[%emt 00:00:19]} Rh2+ {[%clk 00:13:07]} {[%emt 00:00:08]}
39. Kc3 {[%clk 00:33:46]} {[%emt 00:00:18]} Rh8 {[%clk 00:12:37]} {[%emt
00:00:34]} 40. a4 {[%clk 00:33:30]} {[%emt 00:00:21]} Rc8 {[%clk 00:12:15]}
{[%emt 00:00:27]} 41. cxb6 {[%clk 00:32:14]} {[%emt 00:01:21]} axb6 {[%clk
00:12:16]} {[%emt 00:00:05]} 42. a5 {[%clk 00:32:08]} {[%emt 00:00:11]} bxa5
{[%clk 00:11:50]} {[%emt 00:00:31]} 43. bxa5 {[%clk 00:31:52]} {[%emt
00:00:21]} c5 {[%clk 00:09:01]} {[%emt 00:02:53]} 44. dxc5 {[%clk 00:31:39]}
{[%emt 00:00:18]} Rxc5+ {[%clk 00:09:02]} {[%emt 00:00:05]} 45. Kb4 {[%clk
00:31:33]} {[%emt 00:00:11]} Rc4+ {[%clk 00:08:22]} {[%emt 00:00:46]} 46. Kb5
{[%clk 00:30:56]} {[%emt 00:00:41]} Rc3 {[%clk 00:08:19]} {[%emt 00:00:07]} 47.
a6 {[%clk 00:28:09]} {[%emt 00:02:53]} d4 {[%clk 00:08:20]} {[%emt 00:00:04]}
48. a7 {[%clk 00:28:07]} {[%emt 00:00:07]} Ra3 {[%clk 00:08:22]} {[%emt
00:00:03]} 49. exd4 {[%clk 00:27:58]} {[%emt 00:00:14]} Rxa7 {[%clk 00:08:21]}
{[%emt 00:00:05]} 50. d5 {[%clk 00:25:37]} {[%emt 00:02:26]} Kf5 {[%clk
00:07:56]} {[%emt 00:00:31]} 51. d6 {[%clk 00:25:11]} {[%emt 00:00:31]} Rd7
{[%clk 00:07:48]} {[%emt 00:00:13]} 52. Kc6 {[%clk 00:25:08]} {[%emt 00:00:08]}
Rxd6+ {[%clk 00:07:47]} {[%emt 00:00:05]} 53. Kxd6 {[%clk 00:24:58]} {[%emt
00:00:15]} Kxf4 {[%clk 00:07:49]} {[%emt 00:00:04]} 54. Rg8 {[%clk 00:24:51]}
{[%emt 00:00:11]} e3 {[%emt 00:00:09]} 55. Kd5 {[%clk 00:24:10]} {[%emt
00:00:45]} e2 {[%clk 00:07:40]} {[%emt 00:00:12]} 56. Rf8+ {[%clk 00:24:11]}
{[%emt 00:00:04]} Ke3 {[%clk 00:07:39]} {[%emt 00:00:05]} 57. Kc4 {[%clk
00:22:07]} {[%emt 00:02:09]} e1=Q {[%clk 00:07:33]} {[%emt 00:00:12]} 58. Re8+
{[%clk 00:21:55]} {[%emt 00:00:16]} Kf2 {[%clk 00:07:34]} {[%emt 00:00:04]} 59.
Rxe1 {[%clk 00:21:49]} {[%emt 00:00:12]} Kxe1 {[%emt 00:00:04]} 1/2-1/2

[Event "Deutscher Mix-Teampokal U12 2025"]
[Site "Bad Homburg GER"]
[Date "2025.07.20"]
[Round "4"]
[White "Nikonenko, Tymofii"]
[Black "Chupikov, Oleksii junior"]
[Result "1-0"]
[Termination "normal"]
[Board "1.3"]
[WhiteElo "1518"]
[BlackElo "1600"]
[WhiteClock "00:20:35"]
[BlackClock "00:19:44"]
[WhiteTeam "SV Oberursel"]
[BlackTeam "SC Zitadelle Spandau 1977"]
[PlyCount "111"]
[WhiteFideId "34166246"]
[BlackFideId "533004943"]
[EventCountry "GER"]
[EventRounds "5"]
[EventType "team-swiss"]
[EventDate "2025.07.18"]

1. d4 {[%clk 00:54:59]} d5 {[%clk 00:55:08]} 2. c4 {[%clk 00:55:00]} c6 {[%clk
00:55:09]} 3. Nc3 {[%clk 00:54:58]} Nf6 {[%clk 00:55:07]} 4. Nf3 {[%clk
00:54:58]} Bf5 {[%clk 00:54:33]} 5. Bg5 {[%clk 00:54:10]} e6 {[%clk 00:54:21]}
6. e3 {[%clk 00:54:05]} h6 {[%clk 00:54:19]} 7. Bh4 {[%clk 00:54:05]} Be7
{[%clk 00:54:16]} 8. cxd5 cxd5 {[%clk 00:54:13]} 9. Bb5+ {[%clk 00:53:14]} Nbd7
{[%clk 00:53:43]} 10. Ne5 {[%clk 00:53:10]} a6 {[%clk 00:53:07]} 11. Bxf6
{[%clk 00:52:53]} {[%emt 00:00:13]} axb5 {[%clk 00:52:29]} {[%emt 00:00:43]}
12. Bxe7 {[%clk 00:52:28]} {[%emt 00:00:31]} Qxe7 {[%clk 00:52:18]} {[%emt
00:00:16]} 13. a3 {[%clk 00:51:44]} {[%emt 00:00:48]} Nxe5 {[%clk 00:52:06]}
{[%emt 00:00:18]} 14. dxe5 {[%clk 00:51:42]} {[%emt 00:00:06]} Qc7 {[%clk
00:48:18]} {[%emt 00:03:52]} 15. Nxb5 {[%clk 00:50:39]} {[%emt 00:01:08]} Qxe5
{[%clk 00:47:14]} {[%emt 00:01:10]} 16. Nd4 {[%clk 00:49:42]} {[%emt 00:01:01]}
O-O {[%clk 00:46:45]} {[%emt 00:00:36]} 17. O-O {[%clk 00:49:32]} {[%emt
00:00:14]} Qf6 {[%clk 00:46:08]} {[%emt 00:00:40]} 18. Qf3 {[%clk 00:49:14]}
{[%emt 00:00:23]} Rac8 {[%clk 00:43:31]} {[%emt 00:02:45]} 19. Nxf5 {[%clk
00:48:43]} {[%emt 00:00:35]} Qxf5 {[%clk 00:43:26]} {[%emt 00:00:10]} 20. Qxf5
{[%clk 00:48:43]} {[%emt 00:00:05]} exf5 {[%clk 00:43:28]} {[%emt 00:00:04]}
21. Rac1 {[%clk 00:48:42]} {[%emt 00:00:05]} f6 {[%clk 00:43:11]} {[%emt
00:00:22]} 22. h3 {[%clk 00:48:29]} {[%emt 00:00:18]} Kf7 {[%clk 00:41:48]}
{[%emt 00:01:28]} 23. f4 {[%clk 00:48:13]} {[%emt 00:00:21]} Ke6 {[%clk
00:41:35]} {[%emt 00:00:18]} 24. Rfd1 {[%clk 00:46:44]} {[%emt 00:01:34]} g5
{[%clk 00:41:01]} {[%emt 00:00:39]} 25. g3 {[%clk 00:46:13]} {[%emt 00:00:36]}
Rfd8 {[%clk 00:40:45]} {[%emt 00:00:21]} 26. Kf1 {[%clk 00:44:59]} {[%emt
00:01:18]} Kd6 {[%clk 00:35:37]} {[%emt 00:05:13]} 27. a4 {[%clk 00:37:36]}
{[%emt 00:07:28]} Ra8 {[%clk 00:34:57]} {[%emt 00:00:45]} 28. b3 {[%clk
00:27:08]} {[%emt 00:10:33]} Rd7 {[%clk 00:34:25]} {[%emt 00:00:37]} 29. Ke2
{[%clk 00:26:13]} {[%emt 00:01:00]} b6 {[%clk 00:33:41]} {[%emt 00:00:50]} 30.
Rd3 {[%clk 00:25:23]} {[%emt 00:00:55]} Raa7 {[%clk 00:31:39]} {[%emt
00:02:07]} 31. Rdc3 {[%clk 00:24:56]} {[%emt 00:00:32]} Rac7 {[%clk 00:31:18]}
{[%emt 00:00:26]} 32. Rxc7 {[%clk 00:24:54]} {[%emt 00:00:06]} Rxc7 {[%clk
00:31:19]} {[%emt 00:00:04]} 33. Rxc7 {[%clk 00:24:53]} {[%emt 00:00:06]} Kxc7
{[%clk 00:31:21]} {[%emt 00:00:02]} 34. Kd3 {[%clk 00:24:53]} {[%emt 00:00:06]}
Kd6 {[%clk 00:31:19]} {[%emt 00:00:07]} 35. Kd4 {[%clk 00:24:37]} {[%emt
00:00:22]} h5 {[%clk 00:31:08]} {[%emt 00:00:16]} 36. b4 {[%clk 00:24:02]}
{[%emt 00:00:39]} Kc6 {[%clk 00:23:45]} {[%emt 00:07:28]} 37. a5 {[%clk
00:22:41]} {[%emt 00:01:26]} b5 {[%clk 00:23:43]} {[%emt 00:00:08]} 38. fxg5
{[%clk 00:22:37]} {[%emt 00:00:09]} fxg5 {[%clk 00:23:39]} {[%emt 00:00:09]}
39. Ke5 {[%clk 00:22:25]} {[%emt 00:00:16]} f4 {[%clk 00:23:22]} {[%emt
00:00:23]} 40. exf4 {[%clk 00:20:53]} {[%emt 00:01:37]} gxf4 {[%clk 00:20:28]}
{[%emt 00:02:59]} 41. gxf4 {[%clk 00:20:31]} {[%emt 00:00:27]} h4 {[%clk
00:20:26]} {[%emt 00:00:07]} 42. f5 {[%clk 00:20:32]} {[%emt 00:00:03]} d4
{[%clk 00:20:23]} {[%emt 00:00:08]} 43. Kxd4 {[%clk 00:20:31]} {[%emt
00:00:07]} Kd6 {[%clk 00:20:22]} {[%emt 00:00:05]} 44. a6 {[%clk 00:20:26]}
{[%emt 00:00:09]} Kc6 {[%clk 00:20:21]} {[%emt 00:00:07]} 45. f6 {[%clk
00:20:28]} {[%emt 00:00:02]} Kd6 {[%clk 00:20:15]} {[%emt 00:00:12]} 46. a7
{[%clk 00:20:29]} {[%emt 00:00:04]} Ke6 {[%clk 00:20:09]} {[%emt 00:00:11]} 47.
a8=Q {[%clk 00:20:27]} {[%emt 00:00:07]} Kxf6 {[%clk 00:20:08]} {[%emt
00:00:06]} 48. Qd5 {[%clk 00:20:27]} {[%emt 00:00:04]} Ke7 {[%clk 00:20:08]}
{[%emt 00:00:06]} 49. Qc6 {[%clk 00:20:28]} {[%emt 00:00:04]} Kf7 {[%clk
00:20:03]} {[%emt 00:00:10]} 50. Qd6 {[%clk 00:20:29]} {[%emt 00:00:04]} Kg7
{[%clk 00:20:03]} {[%emt 00:00:05]} 51. Qe6 {[%clk 00:20:29]} {[%emt 00:00:05]}
Kh7 {[%clk 00:20:04]} {[%emt 00:00:04]} 52. Qf6 {[%clk 00:20:26]} {[%emt
00:00:08]} Kg8 {[%clk 00:20:03]} {[%emt 00:00:07]} 53. Qe7 {[%clk 00:20:28]}
{[%emt 00:00:02]} Kh8 {[%clk 00:19:58]} {[%emt 00:00:11]} 54. Ke5 {[%clk
00:20:31]} {[%emt 00:00:02]} Kg8 {[%clk 00:19:54]} {[%emt 00:00:08]} 55. Kf6
{[%clk 00:20:33]} {[%emt 00:00:03]} Kh8 {[%clk 00:19:44]} {[%emt 00:00:16]} 56.
Qg7# {[%clk 00:20:35]} {[%emt 00:00:01]} 1-0

[Event "Deutscher Mix-Teampokal U12 2025"]
[Site "Bad Homburg GER"]
[Date "2025.07.20"]
[Round "4"]
[White "Kaza, Charith"]
[Black "Riazi, Dominik"]
[Result "1/2-1/2"]
[Termination "normal"]
[Board "2.1"]
[WhiteElo "1769"]
[BlackElo "1671"]
[WhiteClock "00:01:26"]
[BlackClock "00:01:24"]
[WhiteTeam "SC Noris-Tarrasch Nürnberg 1873"]
[BlackTeam "SK Bad Homburg 1927"]
[PlyCount "101"]
[WhiteFideId "34686967"]
[BlackFideId "533002150"]
[EventCountry "GER"]
[EventRounds "5"]
[EventType "team-swiss"]
[EventDate "2025.07.18"]

1. e4 {[%clk 00:55:08]} e5 {[%clk 00:55:10]} 2. f4 {[%clk 00:55:07]} d5 {[%clk
00:55:07]} 3. exd5 {[%clk 00:55:08]} exf4 {[%clk 00:55:04]} 4. Nf3 {[%clk
00:55:08]} Nf6 {[%clk 00:53:38]} 5. c4 {[%clk 00:55:08]} Be7 {[%clk 00:49:37]}
{[%emt 00:00:31]} 6. d4 {[%clk 00:55:03]} {[%emt 00:00:11]} Nh5 {[%clk
00:46:42]} {[%emt 00:03:01]} 7. Be2 {[%clk 00:49:40]} {[%emt 00:05:28]} Bh4+
{[%clk 00:44:32]} {[%emt 00:02:15]} 8. Kf1 {[%clk 00:49:35]} {[%emt 00:00:11]}
Be7 {[%clk 00:43:02]} {[%emt 00:01:34]} 9. Ne5 {[%clk 00:49:17]} {[%emt
00:00:23]} Nf6 {[%clk 00:42:25]} {[%emt 00:00:42]} 10. Bxf4 {[%clk 00:48:47]}
{[%emt 00:00:35]} O-O {[%clk 00:42:15]} {[%emt 00:00:15]} 11. Nc3 {[%clk
00:48:42]} {[%emt 00:00:11]} Bf5 {[%clk 00:38:40]} {[%emt 00:03:40]} 12. Kf2
{[%clk 00:48:19]} {[%emt 00:00:28]} c5 {[%clk 00:37:35]} {[%emt 00:01:09]} 13.
Be3 {[%clk 00:45:29]} {[%emt 00:02:55]} Bd6 {[%clk 00:34:45]} {[%emt 00:02:54]}
14. Rf1 {[%clk 00:41:02]} {[%emt 00:04:33]} Re8 {[%clk 00:34:11]} {[%emt
00:00:39]} 15. Kg1 {[%clk 00:38:33]} {[%emt 00:02:36]} cxd4 {[%clk 00:33:37]}
{[%emt 00:00:39]} 16. Bxd4 {[%clk 00:37:42]} {[%emt 00:00:55]} Bxe5 {[%clk
00:26:56]} {[%emt 00:06:46]} 17. Rxf5 {[%clk 00:37:35]} {[%emt 00:00:13]} Bxd4+
{[%clk 00:25:40]} {[%emt 00:01:21]} 18. Qxd4 {[%clk 00:37:32]} {[%emt
00:00:07]} Nc6 {[%clk 00:25:28]} {[%emt 00:00:17]} 19. Qf2 {[%clk 00:36:16]}
{[%emt 00:01:21]} Ne5 {[%clk 00:24:04]} {[%emt 00:01:28]} 20. h3 {[%clk
00:34:39]} {[%emt 00:01:43]} Rc8 {[%clk 00:22:38]} {[%emt 00:01:30]} 21. b3
{[%clk 00:33:43]} {[%emt 00:01:02]} Qa5 {[%clk 00:19:31]} {[%emt 00:03:11]} 22.
Qg3 {[%clk 00:31:00]} {[%emt 00:02:50]} Ng6 {[%clk 00:19:12]} {[%emt 00:00:23]}
23. Kh1 {[%clk 00:24:41]} {[%emt 00:06:25]} Re7 {[%clk 00:13:26]} {[%emt
00:05:50]} 24. Raf1 {[%clk 00:19:21]} {[%emt 00:05:25]} Rce8 {[%clk 00:12:56]}
{[%emt 00:00:35]} 25. d6 {[%clk 00:19:04]} {[%emt 00:00:23]} Re5 {[%clk
00:10:45]} {[%emt 00:02:16]} 26. R5f3 {[%clk 00:11:21]} {[%emt 00:07:48]} Rxe2
{[%clk 00:09:29]} {[%emt 00:01:20]} 27. Nxe2 {[%clk 00:10:40]} {[%emt
00:00:47]} Rxe2 {[%clk 00:09:31]} {[%emt 00:00:03]} 28. Rd3 {[%clk 00:06:19]}
{[%emt 00:04:25]} Re8 {[%clk 00:08:39]} {[%emt 00:00:57]} 29. Rfd1 {[%clk
00:04:43]} {[%emt 00:01:42]} h6 {[%clk 00:08:10]} {[%emt 00:00:34]} 30. Re3
{[%clk 00:04:19]} {[%emt 00:00:28]} Rd8 {[%clk 00:07:25]} {[%emt 00:00:50]} 31.
Qf3 {[%clk 00:03:15]} {[%emt 00:01:10]} Qb6 {[%clk 00:06:38]} {[%emt 00:00:50]}
32. c5 {[%clk 00:02:35]} {[%emt 00:00:46]} Qxc5 {[%emt 00:00:35]} 33. Rc3 Qb6
{[%clk 00:05:48]} {[%emt 00:00:23]} 34. Qd3 {[%clk 00:02:25]} {[%emt 00:00:19]}
Nf4 {[%clk 00:05:15]} {[%emt 00:00:40]} 35. Qf3 {[%clk 00:02:18]} {[%emt
00:00:12]} Ne6 {[%clk 00:04:58]} {[%emt 00:00:22]} 36. Rcd3 {[%clk 00:02:03]}
{[%emt 00:00:20]} Ng5 {[%clk 00:04:52]} {[%emt 00:00:11]} 37. Qf5 {[%clk
00:01:49]} {[%emt 00:00:19]} Nge4 {[%clk 00:04:45]} {[%emt 00:00:12]} 38. Rf3
{[%clk 00:01:35]} {[%emt 00:00:20]} Nxd6 {[%clk 00:04:16]} {[%emt 00:00:33]}
39. Qf4 {[%clk 00:01:38]} {[%emt 00:00:02]} Nde4 {[%clk 00:04:01]} {[%emt
00:00:20]} 40. Rxd8+ {[%clk 00:01:39]} {[%emt 00:00:04]} Qxd8 {[%clk 00:04:03]}
{[%emt 00:00:03]} 41. Qe3 {[%clk 00:01:38]} {[%emt 00:00:06]} Qd1+ {[%clk
00:04:02]} {[%emt 00:00:06]} 42. Kh2 {[%clk 00:01:40]} {[%emt 00:00:03]} Qc2
{[%clk 00:03:19]} {[%emt 00:00:48]} 43. Qxa7 {[%clk 00:01:37]} {[%emt
00:00:09]} Qc6 {[%clk 00:03:08]} {[%emt 00:00:15]} 44. Qb8+ {[%clk 00:01:34]}
{[%emt 00:00:07]} Kh7 {[%clk 00:03:12]} {[%emt 00:00:03]} 45. Qf4 {[%clk
00:01:34]} {[%emt 00:00:02]} Ng5 {[%clk 00:02:53]} {[%emt 00:00:27]} 46. Re3
{[%clk 00:01:30]} {[%emt 00:00:09]} Qc2 {[%clk 00:02:38]} {[%emt 00:00:19]} 47.
Qf1 {[%clk 00:01:28]} {[%emt 00:00:06]} Qg6 {[%clk 00:01:53]} {[%emt 00:00:51]}
48. Re2 {[%clk 00:01:30]} {[%emt 00:00:03]} Nge4 {[%clk 00:01:49]} {[%emt
00:00:09]} 49. Qf3 {[%clk 00:01:30]} {[%emt 00:00:06]} Qg5 {[%clk 00:01:34]}
{[%emt 00:00:20]} 50. Re3 {[%clk 00:01:25]} {[%emt 00:00:09]} Qe5+ {[%clk
00:01:24]} {[%emt 00:00:15]} 51. Kg1 {[%clk 00:01:26]} {[%emt 00:00:04]}
1/2-1/2